15 Największych miast nad Morzem Adriatyckim - Statystyki

Ogólne statystyki
  • Ten quiz został rozwiązany 35 razy
  • Średni wynik to 7 z 15
Statystyki odpowiedzi
Państwo Ludność Miasto % Poprawnych
Chorwacja 167k Split
89%
Włochy 252k Wenecja
85%
Włochy 315k Bari
78%
Włochy 208k Triest
70%
Chorwacja 71k Zadar
63%
Chorwacja 59k Pula
56%
Chorwacja 108k Rijeka
56%
Włochy 144k Rimini
56%
Albania 113k Durres
52%
Włochy 102k Ankona
33%
Włochy 119k Pescara
30%
Albania 79k Wlora
19%
Włochy 94k Barletta
7%
Włochy 88k Brindisi
7%
Włochy 90k Pesaro
7%
Nie znaleziono quizów pasujących do podanych kryteriów
Rozkład punktacji
Procent ludzi z każdym wynikiem
Percentyl według liczby udzielonych odpowiedzi
Twoja historia wyników
Nie rozwiązałeś tego quizu